the occurence and ecology of riceparasitic nematode in baray district, kampong thom province (ការសិក្សាពីវត្តមាន និង បរិស្ថានរស់នៅរបស់ណេម៉ាតូតបំផ្លាញលើដំណាំស្រូវនៅក្នុងស្រុកបារាយណ៍ខេត្តកំពង់ធំ) (Record no. 1446)

000 -LEADER
fixed length control field 00741nam a22001337a 4500
040 ## - CATALOGING SOURCE
Transcribing agency RUA
082 ## - DEWEY DECIMAL CLASSIFICATION NUMBER
Classification number AGR CHE 2012 B053 Or.4
100 ## - MAIN ENTRY--AUTHOR NAME
Personal name CHEA, THEANY.
245 ## - TITLE STATEMENT
Title the occurence and ecology of riceparasitic nematode in baray district, kampong thom province (ការសិក្សាពីវត្តមាន និង បរិស្ថានរស់នៅរបស់ណេម៉ាតូតបំផ្លាញលើដំណាំស្រូវនៅក្នុងស្រុកបារាយណ៍ខេត្តកំពង់ធំ)
260 ## - PUBLICATION, DISTRIBUTION, ETC. (IMPRINT)
Place of publication Phnom Penh
Name of publisher RUA
Year of publication 2012
300 ## - PHYSICAL DESCRIPTION
Number of Pages vii, 34p.
Other physical details ill.
Dimensions 29cm.
856 ## - ELECTRONIC LOCATION AND ACCESS
Uniform Resource Identifier https://drive.google.com/file/d/1xLgsbN-6C6srbay-AanSiofQLcdKTwT-/view?usp=sharing
942 ## - ADDED ENTRY ELEMENTS (KOHA)
Koha item type AGR
952 ## - LOCATION AND ITEM INFORMATION (KOHA)
Withdrawn status [LOCAL, KOHA] 0
952 ## - LOCATION AND ITEM INFORMATION (KOHA)
Withdrawn status [LOCAL, KOHA] 0
952 ## - LOCATION AND ITEM INFORMATION (KOHA)
Withdrawn status [LOCAL, KOHA] 0
952 ## - LOCATION AND ITEM INFORMATION (KOHA)
Withdrawn status [LOCAL, KOHA] 0
952 ## - LOCATION AND ITEM INFORMATION (KOHA)
Withdrawn status [LOCAL, KOHA] 0
952 ## - LOCATION AND ITEM INFORMATION (KOHA)
Withdrawn status [LOCAL, KOHA] 0
952 ## - LOCATION AND ITEM INFORMATION (KOHA)
Withdrawn status [LOCAL, KOHA] 0
952 ## - LOCATION AND ITEM INFORMATION (KOHA)
Withdrawn status [LOCAL, KOHA] 0
952 ## - LOCATION AND ITEM INFORMATION (KOHA)
Withdrawn status [LOCAL, KOHA] 0
Holdings
Permanent Location Date acquired Koha item type Lost status Shelving location Barcode Current Location Full call number
Library Block B2015-09-29AGR B053RUA001009Library Block BAGR CHE 2012 B053 Or.1
Library Block B2015-09-29AGR B053RUA001010Library Block BAGR CHE 2012 B053 Or.2
Library Block B2015-09-29AGR B053RUA001008Library Block BAGR CHE 2012 B053 Or.3
Library Block B2015-09-29AGR B053RUA001007Library Block BAGR CHE 2012 B053 Or.4
Library Block B2015-09-29AGR B053RUA005462Library Block BAGR CHE 2012 B053 Or.5
Library Block B2015-09-29AGR B053RUA004855Library Block BAGR CHE 2012 B053 Or.6
Library Block B2015-09-29AGR B053RUA004991Library Block BAGR CHE 2012 B053 Or.7
Library Block B2016-01-26AGR B053RUA051033Library Block BAGR CHE 2012 B053 Or.8
Library Block B2018-12-21AGR B1.194A41718Library Block BAGR CHE 2012 B1.194 Or.1
មជ្ឈមណ្ឌលឯការនៃសាកលវិទ្យាល័យភូមិន្ទកសិកម្មចំការដូង

Powered by Koha